01374cam a2200325 a 4500001001400000003000800014005001700022006001900039007001500058008004100073020003800114040003000152050002200182082001400204100002600218245009100244260002700335300004300362520025200405521001700657588004700674504005100721650002800772650002800800655002900828700003900857710001600896776003500912856010100947EDZ0000083371StDuBDS20161031105207.0m||||||||d||||||||cr |||||||||||120427s2011 enka fo| 001|0|eng|d a9781446250907 (ebook) :cNo price aStDuBDSbengcStDuBDSepn 0aLB2806b.D28 201104a371.22231 aDavies, Brent,d1949-10aTalent management in educationh[electronic resource] /cBrent Davies, Barbara Davies. aLondon :bSAGE,c2011. a1 online resource (xi, 188 p.) :bill.8 aBy focusing on talent management, and providing frameworks and explanations of key issues, this book details how to develop talented members of staff - a process that can ultimately help with building high performance schools and leadership depth. aSpecialized. aDescription based on print version record. aIncludes bibliographical references and index. 0aEducational leadership. 0aMentoring in education. 7aElectronic books.2local1 aDavies, Barbara J.q(Barbara Jane)2 aSage eBooks08iPrint version :z978085702737540uhttp://ezproxy.alfaisal.edu/login?url=http://sk.sagepub.com/books/talent-management-in-education